Größte Stadt beginnend mit S in Diesem Land - Statistiken

Allgemein
  • Dieses Quiz wurde 370 mal gespielt
  • Das Durchschnittsergebnis liegt bei 11 aus 21
Antwortstatistiken
Land S Stadt % Korrekt
Deutschland Stuttgart
97%
Brasilien São Paulo
90%
Schweden Stockholm
90%
Österreich Salzburg
89%
Spanien Sevilla
78%
China Shanghai
78%
Mazedonien Skopje
74%
Russland Saint Petersburg
73%
Kroatien Split
65%
Vereinigtes Königreich Southampton
59%
Frankreich Straßburg
53%
Japan Sapporo
41%
Norwegen Stavanger
36%
Vereinigte Staaten San Antonio
33%
Ungarn Szeged
27%
Kuba Santiago de Cuba
21%
Indonesien Surabaya
21%
Tunesien Sfax
20%
Usbekistan Samarqand
16%
Indien Surat
9%
Marokko Sale
4%
Keine übereinstimmenden Quizze gefunden
Verteilung der Resultate
Anzahl Personen mit jedem Resultat
Perzentil nach korrekt beantworteten Fragen
Ihre Resultats-Entwicklung
Sie haben dieses Quiz noch nicht gespielt